NBA Players from the BIG 10 (2024 - 2025) - Statistics

General Stats
  • This quiz has been taken 65 times
  • The average score is 19 of 76
Answer Stats
Answer % Correct
Russell Westbrook
68%
Bronny James
66%
Zach Edey
64%
Draymond Green
61%
Jordan Poole
52%
Lonzo Ball
52%
DeMar DeRozan
46%
Franz Wagner
43%
Moe Wagner
43%
D'Angelo Russell
41%
Jaren Jackson, Jr.
41%
Luka Garza
41%
Dejounte Murray
39%
Keegan Murray
39%
Kevin Love
39%
Kris Murray
39%
Dillon Brooks
38%
Jaden Ivey
38%
Payton Pritchard
38%
Trayce Jackson-Davis
38%
Zach LaVine
38%
Ayo Dosunmu
34%
Evan Mobley
34%
Jalen Smith
34%
Markelle Fultz
34%
Miles Bridges
34%
Nikola Vucevic
30%
Aaron Holiday
29%
Isaiah Collier
29%
Jrue Holiday
29%
Jaime Jaquez, Jr.
27%
OG Anunoby
25%
Terrence Shannon, Jr.
25%
Duncan Robinson
23%
Johnny Juzang
23%
Mike Conley
23%
Jett Howard
21%
Kel'el Ware
21%
Bol Bol
20%
Cameron Christie
20%
Caris LeVert
20%
Jaden McDaniels
20%
Max Christie
20%
Tim Hardaway Jr.
20%
Aaron Wiggins
18%
Eric Gordon
18%
Gary Harris
18%
Jalen Pickett
18%
Kevin Porter, Jr.
18%
Thomas Bryant
18%
Brice Sensabaugh
16%
Isaiah Stewart II
16%
Norman Powell
16%
Kevin Huerter
14%
Onyeka Okongwu
13%
Jaylen Clark
11%
Moussa Diabate
11%
Xavier Tillman, Sr.
11%
Adem Bona
9%
Alex Len
9%
Caleb Houstan
9%
Chris Boucher
9%
Jamison Battle
9%
Kevon Looney
9%
Kobe Bufkin
9%
Malaki Branham
9%
Peyton Watson
9%
Amir Coffey
7%
De'Anthony Melton
7%
Jae'sean Tate
7%
Dalano Banton
5%
Jordan McLaughlin
5%
Pat Spencer
5%
Taj Gibson
5%
Kyle Anderson
4%
Matisse Thybulle
4%
No matching quizzes found
Score Distribution
Percent of People with Each Score
Percentile by Number Answered
Your Score History
You have not taken this quiz